00711nam a2200253 u 450000100070000000500170000700800410002403500110006504000130007604100080008908200080009710000420010524500630014726000430021030000140025365000340026765000120030165000350031365000310034865100200037970000380039950200120043752600080044932333620260506082519.0981203s1998 ||||||m| spa  a323336 ccomduadb aspa 4a34410aAragon Fuentes, Javier Jose4auteaut10aEl Regimen de los Seguros en los Contratos Administrativos aMedellín :b[sin publicador],c1998. a114 hojas aContratación administrativa aSeguros 7aCompañías de seguros2lemb 7aPólizas de seguros2lemb 7aColombia2embne10aGiraldo Osorio, Orlando4auteaut b133c14 a135